000 00516nam a2200181Ia 4500
008 090124s9999 xx 000 0 und d
082 _b29487
100 _aगुंदेकर श्रीराम
245 _a उचल
250 _a1
260 _bप्रतिमा प्रकाशन
_c1990
300 _a165
600 _aगुंदेकर श्रीराम
630 _a उचल
700 _aगुंदेकर श्रीराम
730 _a उचल
942 _cBOOK
999 _c95008
_d95008